000 00788nam a2200241Ia 4500
003 OSt
005 20220923211823.0
006 a|||||r|||| 00| 0
007 ta
008 220922b |||||||| |||| 00| 0 san d
024 _a58,790
037 _cTextual
040 _aARTS
_cARTS
_bsan
041 _2san
_asan
082 _aQ127:4x2:1, 15L3
100 _aपारस्कर
_9156280
245 0 _aपारस्करगृह्मसूत्र; हरिदत्त शास्त्री व्याख्या
246 _aPāraskaragṛuhmasūtra; haridatta shāstrī vyākhyā
260 _c1973
650 _aभारतीय दर्शन
942 _hQ127:4x2:1, 15L3
_cTEXL
_2CC
999 _c303968
_d303968